Αδριανού απομνημονεύματα
Αποθηκεύτηκε σε:
| Κύριος συγγραφέας: | |
|---|---|
| Άλλοι συγγραφείς: | |
| Μορφή: | Βιβλίο |
| Γλώσσα: | Greek French |
| Δημοσίευση: |
Αθήνα :
Χατζηνικολή,
c1975
|
| Θέματα: | |
| Ετικέτες: |
Προσθήκη ετικέτας
Δεν υπάρχουν, Καταχωρήστε ετικέτα πρώτοι!
|
MARC
| LEADER | 00000cam a2200000 i 4500 | ||
|---|---|---|---|
| 001 | 1/39748 | ||
| 008 | 961018s1975 gre d | ||
| 020 | |a 960-264-010-3 | ||
| 035 | |l 10025103 | ||
| 040 | |a GR-MY-UA |b gre |e aacr | ||
| 041 | 1 | |a gre |h fre | |
| 100 | 1 | |a Yourcenar, Marguerite. | |
| 245 | 1 | 0 | |a Αδριανού απομνημονεύματα / |c Μαργκερίτ Γιουρσενάρ ; μετάφραση Ιωάννας Δ. Χατζηνικολή |
| 260 | |a Αθήνα : |b Χατζηνικολή, |c c1975 | ||
| 300 | |a 395 σ.; |c 22 εκ. | ||
| 500 | |a Το παράρτημα Χίου έχει την 2η έκδοση [ανατύπωση] του 1982 | ||
| 500 | |a Το παράρτημα Σύρου έχει την 16η έκδοση [ανατύπωση] του 2004 | ||
| 650 | 0 | 0 | |a French fiction |y 20th century. |
| 700 | 1 | |a Χατζηνικολή, Ιωάννα Δ. |4 trl | |
| 852 | |a INST |b CHIOS |e 19961018 |h 843 YOU |p 005200011289 |q 005200011289 |t BK |y 0 | ||
| 852 | |a INST |b SYROS |e 20120614 |h 843 YOU |p 005500010182 |q 005500010182 |t BK |y 0 | ||
| 901 | |a BIBL2-2000-2 | ||
| 901 | |a BIBL5-2012-2 | ||
| 909 | |a Ε |b 170060 | ||
| 909 | |a Χ |b 047551 | ||
| 922 | |b 199610 | ||
| 970 | |a ΤΣΟΥΚΑΛΑ |b ΑΛΙΚΗ |z 2012/06/14 | ||